| 000 | 00528nam a2200145 4500 | ||
|---|---|---|---|
| 082 | _aMSEE-6 MEH | ||
| 100 | _aTayyab Mehmood | ||
| 245 | _aOptical signal processing based radio over fiber systems for increased coverage and capacity | ||
| 260 |
_aIslamabad _bNUST-SEECS _c2016 |
||
| 300 |
_a62p. _eCD Includes |
||
| 856 | _uhttp://10.250.8.41:8080/xmlui/handle/123456789/8940 | ||
| 942 |
_2ddc _cTHE |
||
| 999 |
_c328643 _d328643 |
||